[Event "OPEN PLZEN 2021"]
[Site "Plzen (Ceska republika)"]
[Date "2021.08.23"]
[Round "1.1"]
[White "Langmajer, Jan"]
[Black "Flajšman, Pavel"]
[Result "1-0"]
[WhiteElo "1716"]
[BlackElo "2179"]
[PlyCount "53"]
[EventDate "2021.08.23"]

1. e4 c5 2. Nf3 Nc6 3. d4 cxd4 4. Nxd4 Nf6 5. Nc3 d6 6. h3 e5 7. Nde2 Be6 8. g4
d5 9. exd5 Nxd5 10. Bg2 Bb4 11. O-O Nxc3 12. Nxc3 O-O 13. Bxc6 bxc6 14. Qe2 h5
15. Qxe5 hxg4 16. Ne4 gxh3 17. Bh6 gxh6 18. Kh1 f6 19. Qxe6+ Kh8 20. Qxh3 Rf7
21. Rg1 Qd5 22. f3 Rg8 23. Qxh6+ Rh7 24. Qxh7+ Kxh7 25. Nxf6+ Kh6 26. Nxg8+ Kh5
27. Nf6+ 1-0

[Event "OPEN PLZEN 2021"]
[Site "Plzen (Ceska republika)"]
[Date "2021.08.23"]
[Round "1.2"]
[White "Pokrupa, Marek"]
[Black "Pevný, František"]
[Result "1-0"]
[WhiteElo "2137"]
[BlackElo "1703"]
[PlyCount "155"]
[EventDate "2021.08.23"]

1. c4 g6 2. g3 Bg7 3. Bg2 Nf6 4. Nc3 d6 5. d4 O-O 6. Nf3 c6 7. O-O Bg4 8. h3
Bxf3 9. exf3 Nbd7 10. f4 e6 11. Be3 d5 12. c5 Rc8 13. Qa4 a6 14. Rfc1 Ne8 15.
Rab1 f5 16. b4 Nc7 17. Qb3 Nb5 18. Ne2 Kh8 19. Bf1 Nf6 20. f3 Qd7 21. Kg2 Ra8
22. a4 Nc7 23. Nc3 Rfb8 24. Rc2 Bf8 25. b5 axb5 26. axb5 Qd8 27. Rcb2 Nd7 28.
b6 Ne8 29. Na4 Bg7 30. Ra2 Ra5 31. Bd2 Raa8 32. Qb4 Nef6 33. Rb3 Ng8 34. Rba3
Nh6 35. Be3 Nf7 36. h4 h5 37. Nb2 Qc8 38. Ra7 Nd8 39. Qa5 Rxa7 40. bxa7 Ra8 41.
Na4 Bf6 42. Nb6 Nxb6 43. cxb6 Qd7 44. Rc2 Kg8 45. Qa1 Be7 46. Bc1 Kf7 47. Ba3
Ke8 48. Bc5 Kf7 49. Qe1 Bd6 50. Bd3 Kf6 51. Qe3 Kf7 52. Kh3 Kf6 53. Rg2 Nf7 54.
Rg1 Nd8 55. Qd2 Nf7 56. Re1 Nd8 57. Qb4 Nf7 58. Re2 Ke7 59. Qe1 Kf6 60. Qg1 Nh6
61. Qb1 Nf7 62. Rc2 Nd8 63. Qc1 Nf7 64. Be2 Nd8 65. Qe3 Kf7 66. Rd2 Kf6 67. Bd1
Kf7 68. Rg2 Kf6 69. g4 Bxc5 70. dxc5 Nf7 71. Qd4+ Ke7 72. gxh5 e5 73. fxe5 f4+
74. Kh2 Qf5 75. e6 Ne5 76. Rg5 Qb1 77. Qxe5 Qxd1 78. Qg7+ 1-0

[Event "OPEN PLZEN 2021"]
[Site "Plzen (Ceska republika)"]
[Date "2021.08.23"]
[Round "1.3"]
[White "Zoufalý, Petr"]
[Black "Tauš, Martin"]
[Result "0-1"]
[WhiteElo "1669"]
[BlackElo "2099"]
[PlyCount "58"]
[EventDate "2021.08.23"]

1. d4 Nf6 2. Nf3 d5 3. e3 c5 4. c3 e6 5. Bb5+ Bd7 6. Bxd7+ Nbxd7 7. O-O Bd6 8.
Nbd2 O-O 9. Re1 Qc7 10. e4 cxd4 11. cxd4 dxe4 12. Nxe4 Nxe4 13. Rxe4 Nf6 14.
Rh4 Rac8 15. Bd2 Qc4 16. Bc3 Nd5 17. Nd2 Qd3 18. Rh3 Qg6 19. Kf1 Rc6 20. Rc1
Rfc8 21. Nb1 b5 22. a3 a5 23. b4 axb4 24. axb4 Bxb4 25. Rg3 Qf5 26. Rf3 Qg5 27.
Rg3 Qf4 28. Rf3 Qc7 29. Qd2 Bxc3 0-1

[Event "OPEN PLZEN 2021"]
[Site "Plzen (Ceska republika)"]
[Date "2021.08.23"]
[Round "1.4"]
[White "Záhorbenský, Jaroslav"]
[Black "Macho, Miloslav"]
[Result "1-0"]
[WhiteElo "2086"]
[BlackElo "1652"]
[PlyCount "105"]
[EventDate "2021.08.23"]

1. e4 Nf6 2. e5 Nd5 3. Nc3 Nxc3 4. dxc3 Nc6 5. Nf3 e6 6. Bd3 b6 7. Bf4 Bb7 8.
Qe2 Qe7 9. O-O-O h6 10. h4 O-O-O 11. Rd2 Qc5 12. Rhd1 Qa5 13. Kb1 d5 14. Nd4
Nxd4 15. cxd4 Be7 16. h5 c5 17. c3 c4 18. Bc2 Ba6 19. Qg4 Bf8 20. Re2 b5 21.
Bd2 Qb6 22. a3 Bb7 23. f4 Bc6 24. f5 Bd7 25. Rf1 a5 26. fxe6 fxe6 27. Ref2 b4
28. axb4 axb4 29. cxb4 Bxb4 30. Bxb4 Qxb4 31. Qg3 Rhf8 32. Qc3 Qe7 33. Bg6 Rxf2
34. Rxf2 Rf8 35. Rf3 Rxf3 36. Qxf3 Be8 37. Qg4 Bxg6+ 38. Qxg6 Kd7 39. Kc2 Qg5
40. Qf7+ Qe7 41. Qxe7+ Kxe7 42. Kc3 Kd7 43. Kb4 Kc6 44. Ka5 Kb7 45. Kb5 Kc7 46.
Kc5 Kd7 47. Kb6 Kd8 48. Kc6 Ke7 49. Kc7 Ke8 50. Kd6 Kf7 51. Kd7 g6 52. hxg6+
Kxg6 53. Kxe6 1-0

[Event "OPEN PLZEN 2021"]
[Site "Plzen (Ceska republika)"]
[Date "2021.08.23"]
[Round "1.5"]
[White "Kalista, Karel"]
[Black "Krátký, Josef"]
[Result "1/2-1/2"]
[WhiteElo "1631"]
[BlackElo "2058"]
[PlyCount "212"]
[EventDate "2021.08.23"]

1. d4 Nf6 2. c4 e6 3. Nf3 c5 4. Nc3 d5 5. e3 Nc6 6. a3 cxd4 7. Nxd4 Be7 8. Be2
O-O 9. O-O e5 10. Nf3 Be6 11. Ng5 d4 12. Nxe6 fxe6 13. Nb1 Qc7 14. Qc2 Rad8 15.
e4 a5 16. Nd2 Qd7 17. Bd3 Bc5 18. Nf3 Nh5 19. Ng5 h6 20. Nh3 Nf4 21. Nxf4 exf4
22. f3 g5 23. h3 Rf7 24. Bd2 Rg7 25. Rab1 Qe7 26. Kf2 h5 27. Rh1 e5 28. Rh2 g4
29. hxg4 hxg4 30. Ke2 Kf7 31. Rbh1 Rdg8 32. Be1 Nd8 33. Kd1 Nc6 34. Bh4 Qd7 35.
Be1 Rg6 36. Rh7+ R8g7 37. R7h2 Qd6 38. Rh5 g3 39. Rf5+ Kg8 40. Rfh5 Kf7 41.
Rf5+ Rf6 42. Rfh5 Qc7 43. Qb1 Qb6 44. Qc2 Ke7 45. Rh8 Rf8 46. R8h5 Rgg8 47.
Rh7+ Rf7 48. R7h5 Kd7 49. Rh6 Rgg7 50. R6h5 Re7 51. Rh6 Re8 52. R6h5 Rgg8 53.
Rh7+ Kc8 54. R7h6 Bf8 55. R6h5 Qc5 56. Bd2 Qb6 57. Be1 Re6 58. Rh7 Rgg6 59. Rh8
Qd8 60. b4 axb4 61. axb4 Rh6 62. R1xh6 Rxh6 63. Rxh6 Bxh6 64. b5 Ne7 65. Qa4
Kd7 66. Qa7 Qc8 67. c5 Ke6 68. Qb6+ Kd7 69. Qxh6 Qxc5 70. Qh3+ Ke8 71. Qe6 Qa3
72. Qc4 Qa1+ 73. Ke2 Qb2+ 74. Qc2 Qa3 75. b6 Nc6 76. Bd2 Qa1 77. Bb5 d3+ 78.
Qxd3 Qg1 79. Bxc6+ bxc6 80. b7 Qxg2+ 81. Kd1 Qg1+ 82. Kc2 Qc5+ 83. Qc3 Qb5 84.
Qb3 Qc5+ 85. Kb2 Qd4+ 86. Bc3 Qf2+ 87. Ka3 Qa7+ 88. Kb2 Qf2+ 89. Kb1 Qg1+ 90.
Kc2 Qf2+ 91. Bd2 Qc5+ 92. Qc3 Qd6 93. Qb4 Qb8 94. Bc3 g2 95. Bxe5 g1=Q 96. Bxb8
Qf2+ 97. Qd2 Qc5+ 98. Qc3 Qf2+ 99. Kb3 Qb6+ 100. Qb4 Qe3+ 101. Ka4 Qe2 102. Bc7
Qa2+ 103. Qa3 Qc4+ 104. Qb4 Qa2+ 105. Qa3 Qc4+ 106. Qb4 Qa2+ 1/2-1/2

[Event "OPEN PLZEN 2021"]
[Site "Plzen (Ceska republika)"]
[Date "2021.08.23"]
[Round "1.6"]
[White "Kubát, Miroslav"]
[Black "Štěpánek, Vít"]
[Result "1-0"]
[WhiteElo "2012"]
[BlackElo "1520"]
[PlyCount "115"]
[EventDate "2021.08.23"]

1. e4 e6 2. d4 d5 3. e5 c5 4. c3 Nc6 5. Nf3 Nge7 6. Na3 a6 7. Be2 Ng6 8. Nc2
Be7 9. O-O O-O 10. Be3 Qb6 11. Rb1 Bd7 12. g3 Rac8 13. h4 cxd4 14. cxd4 Rfe8
15. h5 Nf8 16. h6 g6 17. Nh2 Nb4 18. Nxb4 Qxb4 19. Ng4 Ba4 20. b3 Bb5 21. Bxb5
Qxb5 22. Qd2 Nd7 23. Rfc1 Bb4 24. Qd1 Ba3 25. Rxc8 Rxc8 26. Bc1 Qb4 27. Bxa3
Qxa3 28. Qd2 Qe7 29. Rc1 Rxc1+ 30. Qxc1 Qd8 31. Nf6+ Nxf6 32. exf6 Qf8 33. g4
Qb8 34. Qc5 Qf8 35. Qc1 Qb8 36. b4 Qf8 37. a3 b5 38. Kg2 Qe8 39. Qc7 Qa8 40.
Kg3 Qf8 41. Qc1 Qb8+ 42. Kh3 Qf8 43. Kh4 Qb8 44. f4 g5+ 45. Kxg5 Qf8 46. Kh5
Qd8 47. f5 Qf8 48. Qg5+ Kh8 49. Qg7+ Qxg7 50. fxg7+ Kg8 51. fxe6 fxe6 52. Kg5
Kf7 53. Kf4 Kg8 54. Ke5 Kf7 55. g5 Kg8 56. Kf6 a5 57. bxa5 b4 58. a6 1-0

[Event "OPEN PLZEN 2021"]
[Site "Plzen (Ceska republika)"]
[Date "2021.08.23"]
[Round "1.7"]
[White "Mametev, Artem"]
[Black "Vlk, Miloslav"]
[Result "0-1"]
[WhiteElo "1515"]
[BlackElo "1965"]
[PlyCount "76"]
[EventDate "2021.08.23"]

1. e4 e5 2. Nf3 Nf6 3. Nxe5 d6 4. Nf3 Nxe4 5. d3 Nf6 6. d4 d5 7. Bd3 Bg4 8. O-O
Be7 9. Re1 O-O 10. Bf4 Re8 11. Nbd2 Nbd7 12. c4 dxc4 13. Bxc4 Nb6 14. Bxf7+
Kxf7 15. Ne5+ Kg8 16. Nxg4 Qxd4 17. Nxf6+ Bxf6 18. Qb3+ Qd5 19. Bxc7 Qxb3 20.
axb3 Bxb2 21. Rxe8+ Rxe8 22. Rb1 Nd5 23. Rxb2 Re1+ 24. Nf1 Nxc7 25. f3 Kf7 26.
Kf2 Rc1 27. Ne3 Rc3 28. Rc2 Rxc2+ 29. Nxc2 Ke6 30. Ke3 Kd5 31. f4 a5 32. g4 b5
33. h4 a4 34. bxa4 bxa4 35. f5 Ke5 36. Kd3 Kf4 37. Nd4 Kxg4 38. Ne6 Ne8 0-1

[Event "OPEN PLZEN 2021"]
[Site "Plzen (Ceska republika)"]
[Date "2021.08.23"]
[Round "1.8"]
[White "Janouš, Marek"]
[Black "Hodl, Vojtěch"]
[Result "1-0"]
[WhiteElo "1951"]
[BlackElo "1370"]
[PlyCount "41"]
[EventDate "2021.08.23"]

1. e4 e6 2. c4 c5 3. Nf3 Nc6 4. Be2 Nf6 5. Nc3 d5 6. exd5 exd5 7. d4 dxc4 8. d5
Nd4 9. Nxd4 cxd4 10. Qxd4 Bb4 11. Bxc4 Be6 12. Bb5+ Bd7 13. Qxb4 a6 14. Bxd7+
Qxd7 15. O-O Nxd5 16. Re1+ Kd8 17. Bg5+ Kc8 18. Nxd5 Qxd5 19. Rac1+ Kb8 20.
Bf4+ Ka7 21. Be3+ 1-0

[Event "OPEN PLZEN 2021"]
[Site "Plzen (Ceska republika)"]
[Date "2021.08.23"]
[Round "1.9"]
[White "Roubal, František"]
[Black "Hodan, Jiří"]
[Result "0-1"]
[WhiteElo "1215"]
[BlackElo "1873"]
[PlyCount "84"]
[EventDate "2021.08.23"]

1. d4 d5 2. Bf4 Nf6 3. e3 e6 4. Nf3 c5 5. c3 b6 6. Nbd2 Be7 7. Be2 O-O 8. O-O
Ba6 9. Bxb8 Bxe2 10. Qxe2 Rxb8 11. a3 Qc7 12. h3 h6 13. Rac1 Rfc8 14. Qd3 Qb7
15. Qb1 Bd6 16. Rfe1 Rd8 17. Red1 Rd7 18. Rc2 Rbd8 19. Nf1 Ne4 20. N3d2 Nf6 21.
Nf3 Bb8 22. b4 Rc8 23. bxc5 bxc5 24. Rb2 Qa8 25. Qa2 Ne4 26. Qb3 Bd6 27. a4 Rb8
28. Qc2 Rxb2 29. Qxb2 Rb7 30. Qc2 Qb8 31. dxc5 Rb2 32. Qc1 Bxc5 33. N1d2 Nf6
34. c4 Be7 35. cxd5 Nxd5 36. Nd4 Bf6 37. N4b3 Rxb3 38. Nxb3 Qxb3 39. Rd2 Qxa4
40. Qc8+ Kh7 41. Qc2+ Qxc2 42. Rxc2 a5 0-1

[Event "OPEN PLZEN 2021"]
[Site "Plzen (Ceska republika)"]
[Date "2021.08.24"]
[Round "2.1"]
[White "Vlk, Miloslav"]
[Black "Pokrupa, Marek"]
[Result "0-1"]
[WhiteElo "1965"]
[BlackElo "2137"]
[PlyCount "68"]
[EventDate "2021.08.24"]

1. c4 c5 2. Nc3 g6 3. g3 Bg7 4. Bg2 Nc6 5. Nf3 e5 6. O-O d6 7. d3 Nge7 8. e4
O-O 9. a3 a5 10. h3 Rb8 11. Bd2 f5 12. Bg5 h6 13. Bxe7 Qxe7 14. Nh4 Kh7 15. Nd5
Qf7 16. b4 f4 17. bxc5 dxc5 18. Rb1 Nd4 19. Nf3 g5 20. Nxd4 exd4 21. Qf3 Be5
22. g4 h5 23. Rb6 hxg4 24. hxg4 Kg7 25. Rfb1 Rh8 26. Qe2 Rh4 27. f3 Bc7 28.
R6b5 b6 29. Qb2 Rh6 30. Nxc7 Qxc7 31. Rxa5 Bd7 32. Qb3 Bxg4 33. Qb5 Bd7 34.
Qxc5 bxc5 0-1

[Event "OPEN PLZEN 2021"]
[Site "Plzen (Ceska republika)"]
[Date "2021.08.24"]
[Round "2.2"]
[White "Tauš, Martin"]
[Black "Šeterle, Matěj"]
[Result "0-1"]
[WhiteElo "2099"]
[BlackElo "1870"]
[PlyCount "104"]
[EventDate "2021.08.24"]

1. d4 d6 2. e4 Nf6 3. Nc3 c6 4. Nge2 Nbd7 5. g3 Qc7 6. Bg2 e5 7. O-O Be7 8. h3
Nb6 9. b3 a5 10. a4 Nbd7 11. Ba3 b6 12. d5 Ba6 13. dxc6 Qxc6 14. Nd5 Nxd5 15.
exd5 Qc7 16. c4 O-O 17. Nc3 f5 18. Rc1 Nc5 19. Nb5 Qd7 20. Bxc5 bxc5 21. Qd2
Bxb5 22. cxb5 Bd8 23. Rfe1 f4 24. Qd3 Bb6 25. g4 Qe7 26. Rc4 Qh4 27. Ree4 Rf6
28. f3 h5 29. Qd2 hxg4 30. hxg4 Kf7 31. Qe1 Qg5 32. Re2 Rh8 33. Qb1 Rfh6 34.
Qf5+ Qxf5 35. gxf5 Kf6 36. Bf1 Rh1+ 37. Kf2 Kxf5 38. Ke1 R8h2 39. Rxh2 Rxh2 40.
Bd3+ Kg5 41. Rc2 Rh1+ 42. Bf1 Kf5 43. Rc1 e4 44. fxe4+ Kxe4 45. Rc4+ Ke5 46.
Kf2 g5 47. Bg2 Rb1 48. Re4+ Kf5 49. Re6 c4+ 50. Ke2 Rb2+ 51. Kf1 Rf2+ 52. Kg1
cxb3 0-1

[Event "OPEN PLZEN 2021"]
[Site "Plzen (Ceska republika)"]
[Date "2021.08.24"]
[Round "2.4"]
[White "Langmajer, Jan"]
[Black "Kubát, Miroslav"]
[Result "1-0"]
[WhiteElo "1801"]
[BlackElo "2012"]
[PlyCount "121"]
[EventDate "2021.08.24"]

1. e4 c5 2. Nf3 Nc6 3. d4 cxd4 4. Nxd4 Nf6 5. Nc3 e5 6. Ndb5 d6 7. Bg5 a6 8.
Bxf6 gxf6 9. Na3 b5 10. Nd5 Bg7 11. c3 f5 12. exf5 Bxf5 13. Nc2 O-O 14. Nce3
Be6 15. Bd3 f5 16. Bc2 Ra7 17. Qh5 Raf7 18. g4 Bxd5 19. Nxd5 e4 20. Nf4 Ne5 21.
Bb3 Nc4 22. Ne6 Qe7 23. Nxf8 Rxf8 24. gxf5 Qe5 25. Rg1 Rxf5 26. Qg4 d5 27. Bxc4
bxc4 28. Rg3 Qf6 29. h4 Kf7 30. h5 h6 31. Rd1 a5 32. Qg6+ Qxg6 33. Rxg6 Rxh5
34. Rd6 d4 35. cxd4 Rb5 36. Ra6 Rxb2 37. Rxa5 c3 38. Rc5 c2 39. Rc1 Rxa2 40.
R5xc2 Rxc2 41. Rxc2 Bxd4 42. Rc4 Bf6 43. Rxe4 h5 44. Ke2 Kg6 45. Kf3 Kf5 46.
Rb4 h4 47. Rb7 Be5 48. Rh7 Kg5 49. Kg2 Kg4 50. f3+ Kg5 51. Kh3 Bg3 52. Rf7 Be1
53. f4+ Kg6 54. Re7 Bf2 55. Kg4 Bg3 56. Re6+ Kf7 57. Rc6 Ke7 58. Kg5 Kf7 59.
Rc7+ Ke6 60. Rh7 Bf2 61. f5+ 1-0

[Event "OPEN PLZEN 2021"]
[Site "Plzen (Ceska republika)"]
[Date "2021.08.24"]
[Round "2.7"]
[White "Burda, Otto"]
[Black "Kalista, Karel"]
[Result "0-1"]
[WhiteElo "1797"]
[BlackElo "1631"]
[PlyCount "28"]
[EventDate "2021.08.24"]

1. d4 Nf6 2. c4 e6 3. Nf3 d5 4. Nc3 c5 5. cxd5 exd5 6. Bg5 Be6 7. dxc5 Bxc5 8.
e3 O-O 9. Be2 Nc6 10. O-O a6 11. Rc1 Ba7 12. a3 Qe7 13. Nxd5 Bxd5 14. Qxd5 Nxd5
0-1

[Event "OPEN PLZEN 2021"]
[Site "Plzen (Ceska republika)"]
[Date "2021.08.24"]
[Round "2.8"]
[White "Flajšman, Pavel"]
[Black "Macho, Miloslav"]
[Result "1-0"]
[WhiteElo "2179"]
[BlackElo "1645"]
[PlyCount "45"]
[EventDate "2021.08.24"]

1. Nf3 Nf6 2. g3 g6 3. Bg2 Bg7 4. O-O O-O 5. c4 c5 6. Nc3 Nc6 7. d4 Nxd4 8.
Nxd4 cxd4 9. Qxd4 Ne8 10. Qd3 Nc7 11. Re1 Na6 12. a3 Nc5 13. Qc2 Ne6 14. Be3
Re8 15. b4 Nc7 16. Rac1 Ne6 17. a4 Qc7 18. Nd5 Qd8 19. a5 Nc7 20. Nc3 Na6 21.
b5 Nb8 22. a6 Qc7 23. Nd5 1-0

[Event "OPEN PLZEN 2021"]
[Site "Plzen (Ceska republika)"]
[Date "2021.08.24"]
[Round "2.9"]
[White "Štěpánek, Vít"]
[Black "Chudek, Lubomír"]
[Result "0-1"]
[WhiteElo "1520"]
[BlackElo "1777"]
[PlyCount "86"]
[EventDate "2021.08.24"]

1. e4 c5 2. c3 Nf6 3. e5 Nd5 4. d4 cxd4 5. cxd4 d6 6. Nf3 Nc6 7. Bc4 Nb6 8. Bb3
dxe5 9. Nxe5 Nxe5 10. dxe5 Qxd1+ 11. Kxd1 Bd7 12. Bd2 Bc6 13. Rg1 e6 14. Nc3
O-O-O 15. Rc1 Kb8 16. a3 Bc5 17. Kc2 Bd4 18. Rge1 Bxf2 19. Rf1 Bd4 20. Rxf7
Bxe5 21. Bxe6 Bxg2 22. Rg1 Bc6 23. Bf4 Bxf4 24. Rxf4 Rd6 25. Bb3 Rhd8 26. Rxg7
Rd2+ 27. Kb1 Rxh2 28. Rff7 h5 29. Rh7 a6 30. a4 Rdd2 31. Ka2 Rxb2+ 32. Ka3 Rbd2
33. a5 Nd7 34. Ba4 Bxa4 35. Kxa4 Rh4+ 36. Ka3 Nc5 37. Rh8+ Ka7 38. Rfh7 Rc2 39.
Nb5+ axb5 40. Rxb7+ Kxb7 41. a6+ Kxa6 42. Ra8+ Kb6 43. Ra6+ Nxa6 0-1

[Event "OPEN PLZEN 2021"]
[Site "Plzen (Ceska republika)"]
[Date "2021.08.24"]
[Round "2.10"]
[White "Hodl, Vojtěch"]
[Black "Mametev, Artem"]
[Result "1/2-1/2"]
[WhiteElo "1370"]
[BlackElo "1734"]
[PlyCount "77"]
[EventDate "2021.08.24"]

1. c4 b6 2. Nc3 Nf6 3. Nf3 Bb7 4. e3 e6 5. d4 Be7 6. Be2 O-O 7. O-O d5 8. a3 c5
9. Re1 dxc4 10. Bxc4 cxd4 11. exd4 Qc7 12. Ne5 Nc6 13. Nxf7 Rxf7 14. Bxe6 Nd8
15. Bxf7+ Nxf7 16. h3 Rd8 17. Bf4 Qc6 18. d5 Nxd5 19. Nxd5 Rxd5 20. Qf3 Qd7 21.
Qe3 Kf8 22. Rac1 Bc5 23. Qe2 g5 24. b4 Bxf2+ 25. Qxf2 gxf4 26. Qxf4 Rg5 27. Re2
Qd5 28. Rcc2 Rf5 29. Qb8+ Kg7 30. Rcd2 Qc6 31. Qg3+ Rg5 32. Qf4 Qg6 33. Rf2 Rg3
34. Kh2 Rg5 35. a4 Be4 36. Rde2 Bf5 37. Re7 Qf6 38. Rxa7 Qe6 39. Qxg5+ 1/2-1/2

[Event "OPEN PLZEN 2021"]
[Site "Plzen (Ceska republika)"]
[Date "2021.08.24"]
[Round "2.11"]
[White "Pevný, František"]
[Black "Roubal, František"]
[Result "1/2-1/2"]
[WhiteElo "1703"]
[BlackElo "1215"]
[PlyCount "145"]
[EventDate "2021.08.24"]

1. d4 d5 2. c4 c6 3. Nf3 Nf6 4. g3 h6 5. Bg2 Bf5 6. Qb3 Qb6 7. c5 Qxb3 8. axb3
e6 9. Nc3 Be7 10. O-O O-O 11. Bf4 Nbd7 12. b4 a6 13. h4 Bg4 14. Nd2 Nh5 15. Be3
Bf5 16. Kh2 Nhf6 17. f3 e5 18. dxe5 Nxe5 19. Bd4 Ned7 20. e4 dxe4 21. Ndxe4
Nxe4 22. fxe4 Be6 23. e5 f6 24. Rfe1 Rfe8 25. Ra3 fxe5 26. Bxe5 Nxe5 27. Rxe5
Bf6 28. Re3 Rad8 29. Ra1 Bf5 30. Rae1 Rxe3 31. Rxe3 Kf7 32. Bf3 Rd2+ 33. Re2
Rd4 34. Na2 Be6 35. Bh5+ g6 36. Bxg6+ Kxg6 37. Rxe6 Rd2+ 38. Kh3 Rxb2 39. Nc1
Rxb4 40. Nd3 Rb3 41. Rd6 Kf7 42. Kg4 a5 43. Kf5 Be7 44. Ne5+ Ke8 45. Rxh6 Bxc5
46. Ke6 Kd8 47. Rh8+ Kc7 48. Rh7+ Kc8 49. g4 a4 50. g5 a3 51. g6 Rg3 52. g7
Rxg7 53. Rxg7 b5 54. Rg2 b4 55. Nc4 b3 56. Nxa3 Bxa3 57. h5 Bc1 58. h6 Bxh6 59.
Rb2 Kc7 60. Rxb3 Bd2 61. Ke5 c5 62. Kd5 Bb4 63. Rf3 Kb6 64. Kc4 Ka5 65. Rf6 Ba3
66. Rf8 Bb4 67. Rb8 Ka6 68. Rb5 Ba3 69. Rb8 Ka7 70. Rb1 Bb4 71. Kb5 Kb7 72. Rg1
Kc7 73. Rg6 1/2-1/2

[Event "OPEN PLZEN 2021"]
[Site "Plzen (Ceska republika)"]
[Date "2021.08.24"]
[Round "2.12"]
[White "Pešek, Petr"]
[Black "Zoufalý, Petr"]
[Result "0-1"]
[WhiteElo "1039"]
[BlackElo "1669"]
[PlyCount "42"]
[EventDate "2021.08.24"]

1. e4 e6 2. d4 c5 3. Be3 cxd4 4. Bxd4 Nc6 5. Be3 Nf6 6. Bd3 d5 7. Nc3 d4 8. Qd2
dxe3 9. fxe3 a6 10. O-O-O Bb4 11. Nf3 e5 12. Rhf1 Bg4 13. h3 Bh5 14. g4 Bg6 15.
Rg1 Qa5 16. a3 Bxc3 17. bxc3 Qxa3+ 18. Kb1 Bxe4 19. Bxe4 Nxe4 20. Qe1 Nxc3+ 21.
Qxc3 Qxc3 0-1

[Event "OPEN PLZEN 2021"]
[Site "Plzen (Ceska republika)"]
[Date "2021.08.24"]
[Round "3.1"]
[White "Pokrupa, Marek"]
[Black "Šeterle, Matěj"]
[Result "1/2-1/2"]
[WhiteElo "2137"]
[BlackElo "1870"]
[PlyCount "98"]
[EventDate "2021.08.23"]

1. c4 d6 2. g3 Nf6 3. Bg2 c6 4. Nc3 Qc7 5. Nf3 e5 6. O-O Be7 7. d4 Bf5 8. Re1
Nbd7 9. e4 Bg6 10. b3 O-O 11. Bb2 Rfe8 12. Rc1 Rad8 13. d5 a6 14. b4 c5 15. b5
Nb6 16. Qb3 Nfd7 17. a4 a5 18. Rcd1 f5 19. exf5 Bxf5 20. Nd2 Rf8 21. Nce4 Nf6
22. Bc3 Nxe4 23. Nxe4 Ra8 24. Rb1 Qd8 25. Rb2 Nd7 26. Rd2 b6 27. Qd1 Nf6 28.
Nxf6+ Bxf6 29. Be4 Qd7 30. Qe2 Bg5 31. Rd3 Bxe4 32. Qxe4 Qf5 33. Qxf5 Rxf5 34.
Kg2 Raf8 35. f3 h5 36. Re4 Bh6 37. Be1 g6 38. Bc3 Bg5 39. f4 exf4 40. Re6 fxg3
41. Rxg6+ Kh7 42. Rg7+ Kh6 43. Rd7 Rf2+ 44. Kxg3 h4+ 45. Kh3 R8f3+ 46. Rxf3
Rxf3+ 47. Kg4 Rf4+ 48. Kh3 Rf3+ 49. Kg4 Rf4+ 1/2-1/2

[Event "OPEN PLZEN 2021"]
[Site "Plzen (Ceska republika)"]
[Date "2021.08.24"]
[Round "3.2"]
[White "Janouš, Marek"]
[Black "Langmajer, Jan"]
[Result "1/2-1/2"]
[WhiteElo "1965"]
[BlackElo "1801"]
[PlyCount "89"]
[EventDate "2021.08.23"]

1. e4 e5 2. Nf3 Nc6 3. d4 exd4 4. Nxd4 Bc5 5. Nb3 Bb6 6. Nc3 d6 7. Qe2 Be6 8.
Be3 Bxe3 9. Qxe3 Nge7 10. Bd3 Ne5 11. O-O Qd7 12. Rad1 Nxd3 13. cxd3 Bxb3 14.
axb3 O-O 15. f4 d5 16. Ne2 Rfe8 17. Qg3 Qd6 18. e5 Qb6+ 19. d4 Qg6 20. Qc3 Nf5
21. Kh1 c6 22. Rd3 Re6 23. Ng3 a5 24. Rdf3 Qg4 25. Qd3 Ne7 26. f5 Rh6 27. Kg1
Kh8 28. h3 Qg5 29. f6 gxf6 30. exf6 Ng8 31. Rf5 Qg6 32. Qe3 Rh4 33. Kh2 Nh6 34.
Rg5 Ng4+ 35. Rxg4 Qxg4 36. Nf5 Qe4 37. Qf2 Rh5 38. Ng3 Qg6 39. Nxh5 Qxh5 40.
Re1 b5 41. Re7 h6 42. Re5 Qg6 43. Rf5 Re8 44. g4 Re6 45. Kg3 1/2-1/2

[Event "OPEN PLZEN 2021"]
[Site "Plzen (Ceska republika)"]
[Date "2021.08.24"]
[Round "3.3"]
[White "Záhorbenský, Jaroslav"]
[Black "Krátký, Josef"]
[Result "1/2-1/2"]
[WhiteElo "2086"]
[BlackElo "2058"]
[PlyCount "83"]
[EventDate "2021.08.23"]

1. e4 e6 2. d4 d5 3. Nd2 Nf6 4. e5 Nfd7 5. Bd3 c5 6. c3 Nc6 7. Ne2 cxd4 8. cxd4
f6 9. exf6 Nxf6 10. Nf3 Bd6 11. O-O O-O 12. Bg5 Qe8 13. Ng3 h6 14. Bxf6 Rxf6
15. Bb1 Qf7 16. Re1 Bd7 17. Qc2 Rxf3 18. Qh7+ Kf8 19. Bg6 Qg8 20. gxf3 Nxd4 21.
Kg2 Qxh7 22. Bxh7 g5 23. Ne2 Nc6 24. Rad1 Kg7 25. Bb1 Rf8 26. Rh1 Ne5 27. h4
Nxf3 28. hxg5 Nxg5 29. Rh4 e5 30. Ng3 Bc5 31. f4 exf4 32. Nh5+ Kg8 33. Rxf4
Rxf4 34. Nxf4 Bg4 35. Rd3 d4 36. b4 Bxb4 37. Rxd4 Bf3+ 38. Kg3 Be1+ 39. Kh2 Bc6
40. Rd8+ Kg7 41. Nh5+ Kf7 42. Bf5 1/2-1/2

[Event "OPEN PLZEN 2021"]
[Site "Plzen (Ceska republika)"]
[Date "2021.08.24"]
[Round "3.4"]
[White "Kalista, Karel"]
[Black "Hodan, Jiří"]
[Result "1-0"]
[WhiteElo "1631"]
[BlackElo "1873"]
[PlyCount "59"]
[EventDate "2021.08.23"]

1. d4 d5 2. c4 c6 3. Nf3 Nf6 4. Qb3 e6 5. Nc3 Bd6 6. Bg5 Nbd7 7. e3 O-O 8. Bd3
dxc4 9. Bxc4 h6 10. Bh4 b5 11. Bxe6 g5 12. Bxd7 Bxd7 13. Bg3 Be6 14. Qc2 b4 15.
Bxd6 Qxd6 16. Ne2 Bd5 17. Ng3 Qe6 18. Qf5 Rae8 19. Qxe6 fxe6 20. O-O Bxf3 21.
gxf3 e5 22. Rac1 exd4 23. exd4 Re6 24. Rc4 Nd5 25. Rfc1 Rc8 26. Ne4 Nf4 27. Kf1
Kf7 28. Rxb4 Rc7 29. Rc2 Re8 30. Nd6+ 1-0

[Event "OPEN PLZEN 2021"]
[Site "Plzen (Ceska republika)"]
[Date "2021.08.24"]
[Round "3.5"]
[White "Zoufalý, Petr"]
[Black "Flajšman, Pavel"]
[Result "0-1"]
[WhiteElo "1669"]
[BlackElo "2179"]
[PlyCount "82"]
[EventDate "2021.08.23"]

1. d4 Nf6 2. Nf3 b6 3. c4 e6 4. Nc3 Bb7 5. e3 Bb4 6. Bd2 O-O 7. Be2 d6 8. O-O
Bxc3 9. Bxc3 Ne4 10. Bb4 f5 11. Nd2 Qg5 12. f4 Qe7 13. Bf3 Nxd2 14. Bxb7 Nxf1
15. Qxf1 Nd7 16. Bxa8 Rxa8 17. Qf3 Re8 18. e4 Nf6 19. exf5 exf5 20. Re1 Ne4 21.
Rd1 a5 22. Be1 Kh8 23. Kf1 Qd7 24. Qb3 Qe6 25. Qd3 Qh6 26. Bg3 Nxg3+ 27. Qxg3
Re4 28. Kg1 Kg8 29. Qg5 Qxg5 30. fxg5 Re2 31. Rb1 Rc2 32. b3 Rxa2 33. d5 Rc2
34. Ra1 Rb2 35. Ra3 Kf7 36. h4 Kg6 37. Kh2 f4 38. Kh3 Kf5 39. g4+ Kg6 40. Ra1
Rxb3+ 41. Kg2 Rg3+ 0-1

[Event "OPEN PLZEN 2021"]
[Site "Plzen (Ceska republika)"]
[Date "2021.08.24"]
[Round "3.6"]
[White "Chudek, Lubomír"]
[Black "Tauš, Martin"]
[Result "1/2-1/2"]
[WhiteElo "1777"]
[BlackElo "2099"]
[PlyCount "141"]
[EventDate "2021.08.23"]

1. e4 e6 2. d4 d5 3. Nd2 a6 4. c3 c5 5. Bd3 cxd4 6. cxd4 dxe4 7. Nxe4 Bb4+ 8.
Nc3 Nf6 9. Nf3 Nc6 10. O-O O-O 11. Bg5 Be7 12. Bb1 g6 13. a3 b5 14. Ba2 Bb7 15.
Re1 Re8 16. Qd2 Rc8 17. Rad1 Na5 18. Qf4 Nh5 19. Bxe7 Nxf4 20. Bxd8 Rexd8 21.
Re3 Nc4 22. Bxc4 Rxc4 23. g3 Nd5 24. Nxd5 Bxd5 25. Ne5 Rc2 26. b4 Bb7 27. Kf1
f6 28. Nf3 e5 29. Ke1 e4 30. Ng1 Rc4 31. Ne2 f5 32. Rc3 Rdc8 33. Rxc4 Rxc4 34.
Rc1 Rxc1+ 35. Nxc1 Bd5 36. Ne2 Kf7 37. h4 h6 38. Kd2 g5 39. hxg5 hxg5 40. Ke3
Ke6 41. Nc3 Bc6 42. Kd2 f4 43. gxf4 gxf4 44. Ke2 Kf5 45. Kd2 Bb7 46. a4 Bc6 47.
a5 Bb7 48. Ke2 Kg4 49. Nd1 Bd5 50. Nc3 Bc4+ 51. Ke1 Kf3 52. d5 e3 53. fxe3 Kxe3
54. d6 Be6 55. Nd1+ Kd4 56. Kd2 Kc4 57. Nc3 Kxb4 58. Nd5+ Kc5 59. Nxf4 Kxd6 60.
Kc3 Bc4 61. Kb4 Ke5 62. Ng6+ Kf6 63. Nf4 Kf5 64. Ng2 Bd3 65. Ne3+ Ke4 66. Nd1
Kf3 67. Nc3 Bc4 68. Nxb5 Bxb5 69. Ka3 Ke3 70. Kb2 Kd2 71. Ka1 1/2-1/2

[Event "OPEN PLZEN 2021"]
[Site "Plzen (Ceska republika)"]
[Date "2021.08.24"]
[Round "3.7"]
[White "Kubát, Miroslav"]
[Black "Vlk, Miloslav"]
[Result "1-0"]
[WhiteElo "2012"]
[BlackElo "1965"]
[PlyCount "65"]
[EventDate "2021.08.23"]

1. e4 e5 2. f4 exf4 3. Nf3 d5 4. exd5 Nf6 5. Bb5+ Bd7 6. Qe2+ Qe7 7. Bxd7+
Nbxd7 8. Qxe7+ Bxe7 9. c4 O-O-O 10. O-O Rhe8 11. Nc3 h6 12. d4 g5 13. Bd2 Bb4
14. Rfe1 Bxc3 15. Bxc3 Ne4 16. Bb4 f5 17. b3 b6 18. Rac1 Rh8 19. Ne5 Rh7 20.
Nc6 Re8 21. Nxa7+ Kb7 22. Nb5 g4 23. Rf1 f3 24. gxf3 gxf3 25. Rxf3 Rg7+ 26. Kf1
Reg8 27. Re1 Rg1+ 28. Ke2 R8g2+ 29. Ke3 Rxe1+ 30. Bxe1 Rxa2 31. Rxf5 Ndf6 32.
Bh4 c6 33. dxc6+ 1-0